IEP Lyon - Economie (chapitre 1) - Statistiques

Statistiques générales
  • Ce quiz a été pris 147 fois
    133 depuis la dernière actualisation
  • Le résultat moyen est 13 sur 29
Statistiques - réponses
Questions Réponses % Correct
La production (Y) est une activité qui va combiner les ressources en main d'oeuvre (travail = L) et des ressources en ... (K). On a Y = f(K;L) capital
88%
Si cette production est détruite dans le prochain processus productif : il s'agit d'une consommation ... intermédiaire
80%
Il y a une approche du PIB en faisant la ... des valeurs ajoutées somme
75%
La production consiste pour les agents nationaux à mettre à disposition des autres des ressources en .../... (appelés produits) dans le but de satisfaire les besoins de ces agents biens/services
66%
Est-ce que le patrimoine national français est plus important que le PIB en 2016 (oui/non) oui
63%
Les comptables nationaux distinguent trois types de production :1 - La production marchande : évaluée au prix de base, prix de vente supérieur à ..% des coûts de production 51
59%
En opposition à la consommation intermédiaire (CI), on a la consommation ... finale
59%
Le partage de la valeur ajoutée se fait par le revenu du ... (salaires) et le revenu du ... (dividendes et loyers immobiliers) (écrire les 2 mots à la suite) travail-capital
59%
Quel auteur a écrit Le Capital au XXIe siècle dans lequel il montre que le partage de la valeur ajoutée résume les inégalités ? Thomas Piketty
56%
épargne brute / VA = taux d'.. épargne
53%
Si elle survit, cela s'appelle ... (4 mots ou le sigle) formation brute de capital fixe
53%
"consentir à supporter un coût immédiat en échange d'une satisfaction ou d'une production future" Il s'agit de la définition de quel verbe ? investir
53%
"l'excédent de la valeur des biens/services produits sur la valeur des biens/services intermédiaires utilisés pour produire" Qu'est-ce donc ? (2 mots) valeur ajoutée
49%
FBCF / VA = taux d'... investissement
46%
excédent brut d'exploitation / VA = taux de ... marge
45%
PIB = rémunération des salariés + EBE et revenu mixte + impôts sur la production et les importations nets de subvention. C'est l'approche du PIB par les ... revenus
44%
On peut aussi la calculer en faisant : ... ... moins la consommation intermédiaire (2 mots) chiffre d'affaire
41%
2 - La production pour ... ... ... : destinée à l'agent producteur des produits soit pour sa consommation personnelle soit pour produire d'autres biens (3 mots) emploi final propre
39%
PIB = CF + FBCF + VS (variation des stocks) + X (exportations) - M (importations). Il s'agit de l'approche du PIB par les ... dépenses
34%
"la principale fonction est de consommer et éventuellement dans certains cas de produire" et "ses ressources viennent principalement de la rémunération des facteurs de production". C'est quoi ? Un ...(1 mot) ménage
33%
"unité économiques dont la vocation est la production et la mise en vente de biens/services sur un marché à un prix qui excède 50% du prix de production". Il s'agit d'une société ... ... (2 mots) non financière
33%
On retrace l'itinéraire des revenus jusqu'à l'accumulation d'un stock de richesses appelé ... patrimoine
33%
"produire des services non marchands (production évaluée au coût des facteurs) et effectuer des actions de redistribution du revenu et du patrimoine." Qu'est-ce donc ? Les ... (2 mots au pluriel) administrations publiques
28%
3 - La production non-marchande : biens/services fournis gratuitement, c'est le cas des services ... pour lesquels il est décidé de ne pas faire payer l'usage de manière individuelle indivisibles
25%
Pour évaluer la production non-marchande, les comptables nationaux vont passer par les ... ... ... (3 mots) coûts de production
24%
Avec la FBCF, on acquiert des actifs ... (machines, biens d'équipement) et des actifs in... (logiciels informatiques...) (au pluriel) corporels
19%
On a trois types de comptes d'accumulation : donnez les trois noms à la suite dans n'importe quel ordre capital-financier-patrimoine
16%
Pour ce faire, on regroupe l'ensemble des agents en ... ... secteurs institutionnels
14%
"différents stades de formation/utilisation du revenu par les différents agents économiques" On appelle ça la "..." (3 mots) séquence des comptes
4%
Aucun quiz correspondant
Distribution des résultats
% des personnes avec chaque résultat
Percentile par nombre de réponses
Votre historique - résultats
Vous n’avez pas pris ce quiz depuis la dernière actualisation